[Event "Monroe (MI Op/7/12)"]
[Site "?"]
[Date "1986.??.??"]
[Round "?"]
[White "Lang, J.."]
[Black "Smith, Les L"]
[Result "0-1"]
[WhiteElo "2105"]
[BlackElo "1920"]
[PlyCount "94"]
[EventDate "1986.??.??"]

{7/(12)} 1. d4 f5 2. g3 Nf6 3. Bg2 e6 4. c4 d5 5. Nc3 c6 6. cxd5 exd5 7. Qc2
Bd6 8. Nh3 O-O 9. O-O Na6 10. a3 Nc7 11. Bf4 Bxf4 12. gxf4 Ne4 13. e3 Ne8 14.
Ne2 N8f6 15. f3 Nd6 16. Ng3 a5 17. b3 a4 18. b4 Nc4 19. Rfe1 g6 20. Bf1 b5 21.
Ra2 Re8 22. Qc3 Ra7 23. Rae2 Rae7 24. Qc1 Bd7 25. Bg2 h6 26. Kh1 Re6 27. Nf2
Qe7 28. e4 fxe4 29. fxe4 dxe4 30. f5 gxf5 31. Nxf5 Qh7 32. Nxh6+ Kh8 33. Bh3
R6e7 34. Bxd7 Rxd7 35. Qf4 Nd5 36. Qh4 e3 37. Nfg4 Re6 38. Rf1 Rg6 39. Rf8+ Kg7
40. Rg8+ Qxg8 41. Nxg8 Kxg8 42. h3 Kg7 43. Ne5 Nxe5 44. dxe5 Rf7 45. Qd4 Rf4
46. Qd3 Rf3 47. Rh2 Nf4 0-1

[Event "Monroe (MI Op/5/3)"]
[Site "?"]
[Date "1986.??.??"]
[Round "?"]
[White "Lang, J.."]
[Black "Poschel, Paul"]
[Result "0-1"]
[WhiteElo "2105"]
[BlackElo "2285"]
[PlyCount "110"]
[EventDate "1986.??.??"]

{5/(3)} 1. c4 c5 2. Nf3 Nf6 3. Nc3 d5 4. e3 d4 5. Ne2 Nc6 6. d3 e5 7. e4 Bd6 8.
Ng3 O-O 9. h3 Bc7 10. Be2 Ba5+ 11. Kf1 Ne8 12. Nf5 Bxf5 13. exf5 Nd6 14. g4 e4
15. dxe4 Nxe4 16. Bd3 Re8 17. a3 f6 18. h4 Nd6 19. Bf4 Ne5 20. Nxe5 fxe5 21.
Bg5 Qb6 22. b4 cxb4 23. Rb1 Qc6 24. f3 bxa3 25. c5 Qxc5 26. Qb3+ Kf8 27. f6 Qc3
28. Kg2 Qxb3 29. Rxb3 gxf6 30. Bxf6 Kf7 31. g5 h5 32. Ra1 Bc3 33. Raxa3 b6 34.
Ba6 Rab8 35. Rb1 b5 36. Rab3 b4 37. Be2 a5 38. f4 exf4 39. Bxh5+ Ke6 40. Bxe8
Nxe8 41. Rxc3 dxc3 42. Bxc3 Rc8 43. Be1 Kf5 44. Ra1 Rc5 45. Bf2 Rb5 46. Be1 Ng7
47. Kf3 Ne6 48. Ke2 b3 49. Kd3 b2 50. Rb1 a4 51. Bc3 a3 52. Kc2 Nc5 53. Bxb2
Rxb2+ 54. Rxb2 axb2 55. Kxb2 f3 0-1

[Event "Monroe (MI Op/4/11)"]
[Site "?"]
[Date "1986.??.??"]
[Round "?"]
[White "Lang, J.."]
[Black "McKinney, T.."]
[Result "1-0"]
[WhiteElo "2105"]
[BlackElo "1900"]
[PlyCount "103"]
[EventDate "1986.??.??"]

{4/(11)} 1. Nf3 Nf6 2. d4 d5 3. c4 c6 4. Nc3 g6 5. e3 Bg7 6. Bd3 Bg4 7. Qb3
Bxf3 8. gxf3 Qd7 9. h4 O-O 10. Bd2 a6 11. O-O-O Qc7 12. Kb1 Nbd7 13. e4 dxc4
14. Bxc4 e5 15. d5 Nb6 16. d6 Qd7 17. f4 Ng4 18. Rhf1 exf4 19. Bxf4 Ne5 20.
Bxe5 Bxe5 21. f4 Nxc4 22. Qxc4 Bxd6 23. Qd3 Rad8 24. e5 Qg4 25. exd6 Qxh4 26.
Ne4 Rfe8 27. d7 Re7 28. Qd4 h5 29. Rh1 Rexd7 30. Nf6+ Qxf6 31. Qxf6 Rxd1+ 32.
Rxd1 Rxd1+ 33. Kc2 Rd5 34. Kc3 Rf5 35. Qd4 Kh7 36. b4 h4 37. Qf2 h3 38. Qh2 Rh5
39. Kd3 f6 40. Ke3 g5 41. fxg5 fxg5 42. Kf3 Rh4 43. Kg3 Kg6 44. Qc2+ Kf6 45.
Qc3+ Kf5 46. Qf3+ Ke5 47. Kh2 Ke6 48. Qf8 Ke5 49. Qb8+ Kf5 50. Qxb7 Kg4 51.
Qxc6 Rh8 52. Qe4+ 1-0

[Event "Dearborn (MEX/4)"]
[Site "?"]
[Date "1986.??.??"]
[Round "?"]
[White "Lang, J.."]
[Black "Mason, D.."]
[Result "0-1"]
[WhiteElo "2170"]
[BlackElo "2045"]
[PlyCount "70"]
[EventDate "1986.??.??"]

1. e4 c6 2. f4 d5 3. e5 d4 4. Bc4 e6 5. Qh5 Qc7 6. Nf3 b5 7. Bd3 g6 8. Qh4 Be7
9. Qf2 Bb7 10. Qxd4 a6 11. Be4 f5 12. Bd3 c5 13. Qf2 c4 14. Be2 Be4 15. Bd1 Nh6
16. h3 Nd7 17. a3 Nc5 18. Nc3 Rd8 19. O-O O-O 20. Kh2 Nf7 21. Qg3 Kg7 22. Ne1
Rh8 23. Bf3 h5 24. Bxe4 fxe4 25. Qe3 Qc6 26. Rb1 Nh6 27. b4 cxb3 28. cxb3 Nf5
29. Qe2 h4 30. Qg4 Nxb3 31. Rf2 Nc5 32. Nc2 Nd3 33. Re2 Ng3 34. Ne3 Nxe2 35.
Nxe2 Nf2 0-1

[Event "Warren (MCO/4/17)"]
[Site "?"]
[Date "1986.??.??"]
[Round "?"]
[White "Lang, J.."]
[Black "Johnston, R.."]
[Result "0-1"]
[WhiteElo "2105"]
[BlackElo "1745"]
[PlyCount "72"]
[EventDate "1986.??.??"]

{4/(17)} 1. d4 Nf6 2. c4 e6 3. Nf3 Bb4+ 4. Bd2 Qe7 5. e3 b6 6. a3 Bxd2+ 7.
Nbxd2 Bb7 8. Bd3 O-O 9. O-O d6 10. Re1 e5 11. Qc2 e4 12. Be2 exf3 13. gxf3 Nbd7
14. Bd3 g6 15. e4 Nh5 16. Re3 Nf4 17. Bf1 h5 18. b4 h4 19. Rc1 Bc8 20. Qd1 Nf6
21. e5 N6h5 22. Ne4 dxe5 23. dxe5 Rd8 24. Qe1 Qxe5 25. Ra1 Nh3+ 26. Kh1 Nf6 27.
Nd6 Qg5 28. Bg2 cxd6 29. f4 Qxf4 30. Bxa8 Nxf2+ 31. Kg1 N6g4 32. Re8+ Rxe8 33.
Qxe8+ Kg7 34. Rb1 Nh3+ 35. Kg2 Qxh2+ 36. Kf3 Qf2+ 0-1

[Event "Monroe (MI Op/2/23)"]
[Site "?"]
[Date "1986.??.??"]
[Round "?"]
[White "Lang, J.."]
[Black "Halstead, Kevin"]
[Result "1-0"]
[WhiteElo "2105"]
[BlackElo "1840"]
[PlyCount "49"]
[EventDate "1986.??.??"]

{2/(23)} 1. Nf3 d5 2. d4 Nf6 3. c4 c6 4. Nc3 Bf5 5. e3 h6 6. Qb3 b6 7. Ne5 e6
8. Be2 Bd6 9. O-O Qc7 10. f4 Nbd7 11. Bd2 O-O 12. Rac1 Rac8 13. cxd5 Bxe5 14.
fxe5 Nxd5 15. Nxd5 exd5 16. Rxf5 c5 17. Qxd5 Rcd8 18. Qe4 Rfe8 19. Bd3 Qb8 20.
Bc3 Nf6 21. Rxf6 gxf6 22. Qh7+ Kf8 23. Qxh6+ Ke7 24. Qxf6+ Kd7 25. Bb5+ 1-0

[Event "Warren (MCO/2/37)"]
[Site "?"]
[Date "1986.??.??"]
[Round "?"]
[White "Lang, J.."]
[Black "Endres, John"]
[Result "1-0"]
[WhiteElo "2105"]
[BlackElo "1605"]
[PlyCount "33"]
[EventDate "1986.??.??"]

{2/(37)} 1. b3 d5 2. Bb2 d4 3. Nf3 c5 4. e3 Nc6 5. Bb5 dxe3 6. fxe3 Bd7 7. O-O
Nf6 8. Nc3 e6 9. Ng5 Bd6 10. Nce4 Be5 11. d4 cxd4 12. exd4 Qb6 13. Bxc6 Bxc6
14. Nxf7 Kxf7 15. Qh5+ Ke7 16. Ba3+ Kd7 17. Qf7+ 1-0

[Event "Warren (MCO/5/44)"]
[Site "?"]
[Date "1986.??.??"]
[Round "?"]
[White "Lahr, Fred"]
[Black "Yee, T.."]
[Result "0-1"]
[WhiteElo "1605"]
[BlackElo "1605"]
[PlyCount "90"]
[EventDate "1986.??.??"]

{5/(44)} 1. e4 c5 2. Nf3 Nc6 3. d4 cxd4 4. Nxd4 Qb6 5. Nb3 Nf6 6. Be3 Qb4+ 7.
c3 Qxe4 8. N1d2 Qg6 9. Nf3 d5 10. g3 a6 11. h3 e5 12. Nh4 Qe4 13. Bg2 Qc4 14.
Nd2 Qb5 15. b3 Qa5 16. Qc2 g6 17. a4 Qc7 18. O-O Be6 19. f4 exf4 20. Bxf4 Qb6+
21. Kh2 Nh5 22. Rae1 Be7 23. Be3 Qc7 24. Bf4 Nxf4 25. Rxf4 g5 26. Rxf7 Bxf7 27.
Nf5 O-O-O 28. Nf3 Bg6 29. Nxe7+ Nxe7 30. Qe2 Nf5 31. Qe6+ Kb8 32. Ne5 Rd6 33.
Nd7+ Qxd7 34. Qe2 Re8 35. Qf2 Rxe1 36. Qxe1 Re6 37. Qf2 Qd6 38. c4 Rf6 39. c5
Qe6 40. Qd2 Ne3 41. Qa5 Qc6 42. Qd8+ Ka7 43. h4 Rf2 44. h5 Rxg2+ 45. Kh3 Qe6+
0-1

[Event "Warren (MCO/2/24)"]
[Site "?"]
[Date "1986.??.??"]
[Round "?"]
[White "Lahr, Fred"]
[Black "Eagle, Chris"]
[Result "0-1"]
[WhiteElo "1605"]
[BlackElo "1925"]
[PlyCount "76"]
[EventDate "1986.??.??"]

{2/(24)} 1. e4 e5 2. Nf3 Nc6 3. Bb5 a6 4. Bxc6 dxc6 5. O-O Bg4 6. d3 Bc5 7. Qe2
Qe7 8. Be3 O-O-O 9. Nbd2 h5 10. c3 h4 11. Bxc5 Qxc5 12. Nb3 Qe7 13. d4 h3 14.
g3 Qf6 15. Nbd2 exd4 16. e5 Qf5 17. cxd4 c5 18. Qe3 cxd4 19. Nxd4 Qd7 20. N2b3
Ne7 21. Rfe1 Nf5 22. Nxf5 Qxf5 23. Rac1 Rd3 24. Qc5 c6 25. Nd4 Qd7 26. Rc4 Be6
27. Nxe6 Qxe6 28. Rd4 Rxd4 29. Qxd4 Rd8 30. Qf4 Rd5 31. Kf1 c5 32. Qe4 g6 33.
f4 Rd4 34. Qc2 Qd5 35. Qf2 Rd2 36. Re2 Qh1+ 37. Qg1 Rd1+ 38. Re1 Rxe1+ 0-1

[Event "Warren (MCO/4/38)"]
[Site "?"]
[Date "1986.??.??"]
[Round "?"]
[White "Lahr, Fred"]
[Black "Alayli, G.."]
[Result "1/2-1/2"]
[WhiteElo "1605"]
[BlackElo "1660"]
[PlyCount "102"]
[EventDate "1986.??.??"]

{4/(38)} 1. e4 e5 2. Nf3 Nc6 3. Bb5 a6 4. Bxc6 dxc6 5. O-O f6 6. d4 exd4 7.
Nxd4 c5 8. Ne2 Bd6 9. Nbc3 Bg4 10. Be3 Qe7 11. f3 Bh5 12. Qd5 Qe5 13. Nf4 Qxd5
14. Ncxd5 Bf7 15. Rfd1 O-O-O 16. Rd2 Ne7 17. Rad1 Nxd5 18. Nxd5 Rhe8 19. a4 c6
20. Nb6+ Kc7 21. Na8+ Rxa8 22. Rxd6 Rad8 23. Bxc5 Rxd6 24. Rxd6 f5 25. Rd4 fxe4
26. Rxe4 Rxe4 27. fxe4 Bg6 28. e5 Bxc2 29. e6 Bxa4 30. Bf8 g6 31. Kf2 Bb3 32.
e7 Kd7 33. Ke3 c5 34. Kf4 a5 35. Kg5 b5 36. Kh6 Bf7 37. e8=Q+ Bxe8 38. Bxc5 Kc6
39. Be7 a4 40. Kxh7 Kd5 41. g4 Kc4 42. Kh6 Kb3 43. Bf6 b4 44. h4 a3 45. bxa3
Kxa3 46. h5 gxh5 47. gxh5 b3 48. Kg5 Bb5 49. h6 Bd3 50. Kf4 b2 51. Bxb2+ Kxb2
1/2-1/2

[Event "Kalamazoo (WMUSO/4/8)"]
[Site "?"]
[Date "1986.??.??"]
[Round "?"]
[White "Kung, Fred"]
[Black "Yoder, R.."]
[Result "0-1"]
[WhiteElo "1770"]
[BlackElo "2125"]
[PlyCount "56"]
[EventDate "1986.??.??"]

{4/(8)} 1. e4 c5 2. Nf3 d6 3. d4 cxd4 4. Nxd4 Nf6 5. Nc3 g6 6. Be3 Bg7 7. f3
Nc6 8. Bc4 Bd7 9. Qd2 Rc8 10. Bb3 Ne5 11. O-O-O Nc4 12. Bxc4 Rxc4 13. g4 O-O
14. h4 b5 15. h5 b4 16. Nd5 e6 17. Nxf6+ Qxf6 18. hxg6 fxg6 19. f4 Rfc8 20. g5
Qe7 21. Rh2 e5 22. Nf3 Rxc2+ 23. Qxc2 Rxc2+ 24. Rxc2 exf4 25. Bxf4 Qxe4 26.
Bxd6 Bf5 27. Ne1 Qe3+ 28. Rcd2 Bxb2+ 0-1

[Event "Monroe (MI Op/4/18)"]
[Site "?"]
[Date "1986.??.??"]
[Round "?"]
[White "Kung, Fred"]
[Black "Kitts, Gary"]
[Result "0-1"]
[WhiteElo "1830"]
[BlackElo "2145"]
[PlyCount "48"]
[EventDate "1986.??.??"]

{4/(18)} 1. e4 Nf6 2. e5 Nd5 3. d4 d6 4. c4 Nb6 5. f4 dxe5 6. fxe5 Nc6 7. Be3
Bf5 8. Nc3 e6 9. Nf3 Qd7 10. d5 exd5 11. cxd5 Nb4 12. Bb5 c6 13. dxc6 bxc6 14.
Qxd7+ Bxd7 15. Be2 Nc2+ 16. Kf2 Nxa1 17. Rxa1 Be7 18. Rd1 Rd8 19. Ne4 O-O 20.
Nd6 Be6 21. b3 f6 22. Bf4 Nd5 23. Bg3 fxe5 24. Bxe5 Bxd6 0-1

[Event "Monroe (MI Op/7/25)"]
[Site "?"]
[Date "1986.??.??"]
[Round "?"]
[White "Kung, Fred"]
[Black "Dautremont, J.."]
[Result "1-0"]
[WhiteElo "1830"]
[BlackElo "1605"]
[PlyCount "111"]
[EventDate "1986.??.??"]

{7/(25)} 1. e4 e6 2. d4 c5 3. Nf3 d5 4. exd5 exd5 5. dxc5 Bxc5 6. Bb5+ Nc6 7.
O-O Nge7 8. Bg5 f6 9. Bf4 O-O 10. Nbd2 Nd4 11. Ba4 Bg4 12. c3 Ne6 13. Bg3 Nf5
14. Nb3 Bb6 15. Qd3 Nxg3 16. hxg3 Qd6 17. Rae1 Qxg3 18. Qxd5 Rfd8 19. Qxb7 Nf4
20. Nfd4 Nh3+ 21. Kh1 Nxf2+ 22. Rxf2 Bc7 23. Nf3 Bxf3 24. gxf3 Qxf2 25. Qxc7
Qxe1+ 26. Kg2 Qe2+ 27. Kg3 h5 28. Nd4 Qe1+ 29. Kg2 Qd2+ 30. Kg3 Rac8 31. Qxa7
Qg5+ 32. Kf2 Qh4+ 33. Kg2 Qg5+ 34. Kf2 Rd5 35. Bb3 Qh4+ 36. Kg2 Qg5+ 37. Kf2
Qh4+ 38. Kg2 Qg5+ 39. Kf2 Qd2+ 40. Kg3 Qg5+ 41. Kf2 Re8 42. Qb7 Ree5 43. a4
Qh4+ 44. Kg2 Rg5+ 45. Kf1 Qh1+ 46. Ke2 Rg2+ 47. Kd3 Kh7 48. Qxd5 Qf1+ 49. Ke4
Qe1+ 50. Kd3 Qf1+ 51. Ke4 Qe1+ 52. Kd3 Qf1+ 53. Ke4 Kh6 54. Nf5+ Kg6 55. Qf7+
Kg5 56. Qxg7# 1-0

[Event "Kalamazoo (WMUSO/2/13)"]
[Site "?"]
[Date "1986.??.??"]
[Round "?"]
[White "Kung, Fred"]
[Black "Caron, L.."]
[Result "1-0"]
[WhiteElo "1770"]
[BlackElo "1605"]
[PlyCount "37"]
[EventDate "1986.??.??"]

{2/(13)} 1. e4 e5 2. Nf3 Nf6 3. Nxe5 Nxe4 4. Qe2 d5 5. d3 Bb4+ 6. c3 Ba5 7.
dxe4 O-O 8. Nf3 Re8 9. e5 Be6 10. Be3 b6 11. b4 d4 12. Nxd4 c5 13. Nxe6 Rxe6
14. bxa5 bxa5 15. g3 Nd7 16. Bg2 Rb8 17. O-O Rxe5 18. Qa6 Qc7 19. Bf4 1-0

[Event "Monroe (MI Op/1b/9)"]
[Site "?"]
[Date "1986.??.??"]
[Round "?"]
[White "Kung, Fred"]
[Black "Bohley, D.."]
[Result "1/2-1/2"]
[WhiteElo "1830"]
[BlackElo "2030"]
[PlyCount "101"]
[EventDate "1986.??.??"]

1. e4 e5 2. Nf3 Nc6 3. Bb5 Nd4 4. Nxd4 exd4 5. Qf3 Qf6 6. Qxf6 Nxf6 7. O-O c6
8. Bc4 Bc5 9. d3 d6 10. Bf4 O-O 11. Nd2 d5 12. exd5 cxd5 13. Bb3 Be6 14. h3 a5
15. a4 Rfe8 16. Nf3 Nd7 17. Rfe1 Rac8 18. Re2 h6 19. Rae1 Bb4 20. Bd2 Bxd2 21.
Rxd2 Nb6 22. Nxd4 Bd7 23. Ra1 Re7 24. Kf1 Rce8 25. Re2 Rxe2 26. Nxe2 Kf8 27.
Nc3 Bc6 28. Nb5 Re5 29. Nd4 Bd7 30. c3 Ke7 31. Bc2 Kd6 32. b4 axb4 33. cxb4 Re8
34. a5 Ra8 35. Rc1 Nc8 36. Bd1 b6 37. axb6 Nxb6 38. Bg4 Ra4 39. Rb1 Bxg4 40.
hxg4 g6 41. Ke2 Ke5 42. Ke3 Kd6 43. Rb2 Kd7 44. f4 Ra3 45. Rb3 Ra2 46. Kf3 Ra4
47. f5 Kd6 48. fxg6 fxg6 49. Kf4 Nd7 50. Kf3 Ne5+ 51. Kf4 1/2-1/2

[Event "Monroe (MI Op/3/22)"]
[Site "?"]
[Date "1986.??.??"]
[Round "?"]
[White "Kung, Fred"]
[Black "Armstead, Curt"]
[Result "1-0"]
[WhiteElo "1830"]
[BlackElo "1975"]
[PlyCount "125"]
[EventDate "1986.??.??"]

{3/(22)} 1. e4 e6 2. d4 d5 3. Nc3 Bb4 4. e5 c5 5. a3 Bxc3+ 6. bxc3 Ne7 7. Qg4
Qc7 8. Qxg7 Rg8 9. Qxh7 cxd4 10. Ne2 Nbc6 11. f4 Bd7 12. Qd3 dxc3 13. Qxc3 Rc8
14. g3 Na5 15. Qxc7 Rxc7 16. Nd4 a6 17. Bd3 Nc4 18. Kf2 Nc6 19. Nb3 Ne7 20. h4
Kf8 21. h5 Rh8 22. g4 Kg7 23. Be3 Nb2 24. Rac1 Nxd3+ 25. cxd3 Rhc8 26. Bc5 Ng8
27. g5 Bc6 28. Bd6 Rd7 29. Nc5 Rdd8 30. d4 Re8 31. Rb1 Ne7 32. Nxb7 Nf5 33. Bc5
Rb8 34. Nd6 Nxd6 35. Bxd6 Rbc8 36. Rbc1 Bb5 37. Ke3 Rc4 38. Rxc4 dxc4 39. Rb1
c3 40. Rc1 Rc8 41. Bc5 Rd8 42. Rxc3 Rh8 43. h6+ Kg6 44. Bd6 Ra8 45. Ke4 Bf1 46.
Rc7 Rh8 47. Be7 Ra8 48. Bf6 Rf8 49. Ke3 Bg2 50. a4 Bd5 51. Kd3 Bb3 52. a5 Bd5
53. Kc3 Bg2 54. Kb4 Bf1 55. Kc5 Bb5 56. d5 exd5 57. Kxd5 Bd3 58. Kc6 Bb5+ 59.
Kb6 Rb8+ 60. Rb7 Rxb7+ 61. Kxb7 Bc4 62. f5+ Kh7 63. e6 1-0

[Event "Warren (MCO/1/13)"]
[Site "?"]
[Date "1986.??.??"]
[Round "?"]
[White "Kulbacki, James"]
[Black "Yee, T.."]
[Result "1-0"]
[WhiteElo "2120"]
[BlackElo "1605"]
[PlyCount "95"]
[EventDate "1986.??.??"]

{1/(13)} 1. d4 d5 2. c4 Nf6 3. cxd5 Qxd5 4. Nc3 Qf5 5. e3 g6 6. Nf3 c6 7. Bd3
Qa5 8. O-O Bg7 9. e4 O-O 10. h3 Na6 11. Be3 Nb4 12. Bc4 e6 13. a3 Na6 14. b4
Qc7 15. Qd2 b5 16. Bb3 Nd7 17. Rac1 Bb7 18. Nxb5 Qb8 19. Nc3 Re8 20. Rfd1 Nc7
21. Bf4 e5 22. Bh6 Ne6 23. Bxg7 Nxg7 24. Ng5 Rf8 25. d5 cxd5 26. Nxd5 Qd6 27.
Ne7+ Qxe7 28. Qxd7 Rae8 29. Qg4 Bc8 30. Bxf7+ Rxf7 31. Rxc8 Rff8 32. Rxe8 Nxe8
33. Rd7 Qf6 34. f3 Qb6+ 35. Kh2 Nf6 36. Qh4 h5 37. Re7 Re8 38. Nh7 Rxe7 39.
Nxf6+ Kf7 40. Nd5 Qd8 41. Qxe7+ Qxe7 42. Nxe7 Kxe7 43. g3 Kd6 44. f4 a6 45. Kg2
exf4 46. gxf4 h4 47. Kf3 Ke6 48. Kg4 1-0

[Event "Dearborn (MEX/2)"]
[Site "Dearborn"]
[Date "1986.??.??"]
[Round "?"]
[White "Kulbacki, James"]
[Black "Wygrecki, J.."]
[Result "0-1"]
[WhiteElo "2045"]
[BlackElo "2285"]
[PlyCount "62"]
[EventDate "1986.??.??"]

1. d4 Nf6 2. c4 g6 3. Nc3 Bg7 4. e4 d6 5. Nf3 O-O 6. Be2 e5 7. O-O Nc6 8. d5
Ne7 9. Ne1 c5 10. Nd3 Nd7 11. f3 f5 12. g4 h6 13. Qe1 fxg4 14. fxg4 g5 15. Be3
Ng6 16. b4 b6 17. a4 a5 18. bxa5 bxa5 19. Rb1 Nf4 20. Nb5 Ra6 21. Nxf4 exf4 22.
Bd2 Nf6 23. Bf3 Nxg4 24. Bxg4 Bxg4 25. Bc3 Qd7 26. Bxa5 Bh3 27. Rf2 f3 28. Nc7
Qg4+ 29. Kh1 Bg2+ 30. Kg1 Be5 31. Rbb2 Bxh2+ 0-1

[Event "Monroe (MI Op/5/4)"]
[Site "?"]
[Date "1986.??.??"]
[Round "?"]
[White "Kulbacki, James"]
[Black "Wygrecki, J.."]
[Result "0-1"]
[WhiteElo "2100"]
[BlackElo "2245"]
[PlyCount "114"]
[EventDate "1986.??.??"]

{5/(4)} 1. Nf3 Nf6 2. c4 g6 3. b3 Bg7 4. Bb2 O-O 5. e3 c5 6. Be2 Nc6 7. O-O d6
8. d3 e5 9. Nbd2 Ne8 10. Ne1 f5 11. f4 Nf6 12. Nc2 Re8 13. a3 a5 14. Rc1 Qb6
15. a4 Bd7 16. Na3 Nb4 17. Nb5 exf4 18. exf4 Ng4 19. Bxg4 Bxb2 20. Rb1 fxg4 21.
Rxb2 d5 22. Nb1 d4 23. Rff2 Bf5 24. Rbd2 Re3 25. Rfe2 Rae8 26. Rxe3 dxe3 27.
Re2 Bxd3 28. Re1 e2 29. Qd2 Bxb1 30. Rxb1 Nc2 31. Qxc2 e1=Q+ 32. Rxe1 Rxe1+ 33.
Kf2 Qe6 34. Qd2 Rb1 35. Nc7 Qf6 36. Qd5+ Kh8 37. Qe5 Qxe5 38. fxe5 Kg7 39. Ne6+
Kf7 40. Nd8+ Ke7 41. Nxb7 Rxb3 42. Nxa5 Rb6 43. Kg3 h5 44. Kf4 Ke6 45. h4 gxh3
46. gxh3 Rb4 47. Kg5 Rxa4 48. Nb7 Rxc4 49. Kxg6 h4 50. Kg5 Kxe5 51. Nd8 Re4 52.
Nf7+ Kd5 53. Kf5 c4 54. Ng5 Re5+ 55. Kf4 Rxg5 56. Kxg5 c3 57. Kxh4 c2 0-1

[Event "Warren (MCO/3/14)"]
[Site "?"]
[Date "1986.??.??"]
[Round "?"]
[White "Kulbacki, James"]
[Black "Profit, Brian"]
[Result "1-0"]
[WhiteElo "2120"]
[BlackElo "1870"]
[PlyCount "69"]
[EventDate "1986.??.??"]

{3/(14)} 1. d4 Nf6 2. c4 c5 3. d5 e6 4. Nc3 exd5 5. cxd5 d6 6. Nf3 g6 7. e4 Bg7
8. Be2 O-O 9. O-O Re8 10. Nd2 Na6 11. f3 Nc7 12. a4 a6 13. g4 h6 14. Nc4 Rb8
15. Bf4 g5 16. Bxd6 b5 17. axb5 axb5 18. Ra7 Rb7 19. Rxb7 Bxb7 20. Bxc7 Qxc7
21. Nxb5 Qd7 22. Nbd6 Rb8 23. Qd2 Ba6 24. Nf5 Qa4 25. Nxg7 Kxg7 26. Nd6 Bxe2
27. Nf5+ Kg6 28. Qxe2 Qa2 29. Rf2 Nd7 30. e5 Re8 31. d6 Rxe5 32. Ne7+ Kg7 33.
Qb5 Qe6 34. Qc6 Nf8 35. Qe8 {[Here Black played the illegal 35...Kg8; the game
finished 36.Qd8 Kg7 37.Kg2 Re3 38.NF5+ Kg8 39.Nxe3 Qxe3 40.Qe7]} 1-0

[Event "Dearborn (MEX/1)"]
[Site "Dearborn"]
[Date "1986.??.??"]
[Round "?"]
[White "Kulbacki, James"]
[Black "Lang, J.."]
[Result "1-0"]
[WhiteElo "2045"]
[BlackElo "2170"]
[PlyCount "115"]
[EventDate "1986.??.??"]

1. d4 Nf6 2. c4 e6 3. Nc3 b6 4. e4 Bb7 5. Bd3 Bb4 6. Qc2 Bxc3+ 7. bxc3 h6 8.
Ba3 d6 9. Ne2 c5 10. f4 O-O 11. O-O Nc6 12. Rad1 Qc7 13. Bc1 Ne7 14. e5 Nd7 15.
Be3 f5 16. exf6 Nxf6 17. Ng3 Qc6 18. f5 Ng4 19. Bc1 cxd4 20. cxd4 e5 21. h3 Nf6
22. dxe5 dxe5 23. Ba3 Qc7 24. c5 Rfc8 25. Bc4+ Kh8 26. Be6 Rd8 27. Qf2 b5 28.
Qe2 a6 29. Nh5 Ned5 30. Nxf6 Nxf6 31. Rfe1 e4 32. Rd6 Ne8 33. Rxd8 Rxd8 34. Rd1
Rxd1+ 35. Qxd1 Nf6 36. Qd6 Qxd6 37. cxd6 Bc6 38. Bb2 Nd7 39. Kf2 Kh7 40. Bd4 a5
41. Ke3 Nf8 42. g4 g5 43. Bf6 a4 44. a3 Nd7 45. Bd4 Nf8 46. Bf7 Nd7 47. Bg6+
Kg8 48. f6 Kf8 49. Bxe4 Bxe4 50. Kxe4 Kf7 51. Kd5 b4 52. axb4 a3 53. Kc4 Nxf6
54. Bxf6 Kxf6 55. Kb3 Ke6 56. Kxa3 Kxd6 57. b5 Kc5 58. Ka4 1-0

[Event "Monroe (RVO/2/2)"]
[Site "?"]
[Date "1986.??.??"]
[Round "?"]
[White "Kulbacki, James"]
[Black "Karklins, A.."]
[Result "1/2-1/2"]
[WhiteElo "2100"]
[BlackElo "2360"]
[PlyCount "74"]
[EventDate "1986.??.??"]

{2/(2)} 1. d4 Nf6 2. c4 e6 3. Nf3 b6 4. g3 Ba6 5. Qc2 c5 6. Bg2 Nc6 7. dxc5
Bxc5 8. a3 Bb7 9. O-O O-O 10. Nc3 Qc8 11. Rd1 Be7 12. b3 Na5 13. Bb2 d5 14.
cxd5 Nxd5 15. Rac1 Rd8 16. Ne5 Bf6 17. Nxd5 Bxd5 18. Bxd5 exd5 19. Nc6 Nxc6 20.
Bxf6 Rd6 21. Bb2 Qh3 22. Qc3 d4 23. Qf3 Rh6 24. Qg2 Qe6 25. Qf3 Rd8 26. b4 Rf6
27. Qd3 Qh3 28. Qe4 Re6 29. Qg2 Qh6 30. Rc2 Red6 31. Rcd2 b5 32. Qe4 Qg6 33.
Qxg6 hxg6 34. Rd3 f5 35. Kf1 Kf7 36. e3 Ke6 37. exd4 Rd5 1/2-1/2

[Event "Taylor (SEMO/2/4)"]
[Site "?"]
[Date "1986.??.??"]
[Round "?"]
[White "Kulbacki, James"]
[Black "Jarosz, Stan"]
[Result "0-1"]
[WhiteElo "2090"]
[BlackElo "1960"]
[PlyCount "74"]
[EventDate "1986.??.??"]

{2/(4)} 1. d4 d5 2. c4 e6 3. Nc3 Be7 4. Nf3 Nf6 5. Bg5 h6 6. Bxf6 Bxf6 7. cxd5
exd5 8. e3 O-O 9. Qc2 c6 10. Bd3 Nd7 11. O-O Re8 12. b4 a6 13. a4 Nf8 14. h3
Ne6 15. Qb3 Ng5 16. Nxg5 hxg5 17. b5 g6 18. bxc6 bxc6 19. Rfe1 Kg7 20. Rab1 g4
21. hxg4 Bxg4 22. Qb6 Qd6 23. e4 Qf4 24. g3 Rh8 25. Bf1 Qh6 26. Bg2 Qh2+ 27.
Kf1 Bh3 28. Bxh3 Qxh3+ 29. Ke2 Qg4+ 30. Kd2 Rh2 31. Re2 Qf3 32. Rf1 Bg5+ 33.
Kc2 dxe4 34. Qxc6 Qd3+ 35. Kb2 Rb8+ 36. Ka2 Bd2 37. Rd1 Qc2+ 0-1

[Event "Monroe (MI Op/4/12)"]
[Site "?"]
[Date "1986.??.??"]
[Round "?"]
[White "Kulbacki, James"]
[Black "Jarosz, Stan"]
[Result "1-0"]
[WhiteElo "2100"]
[BlackElo "2015"]
[PlyCount "41"]
[EventDate "1986.??.??"]

{4/(12)} 1. e4 c5 2. f4 Nc6 3. Nf3 e6 4. g3 d5 5. e5 Nh6 6. Bg2 Nf5 7. c3 Be7
8. d3 h5 9. Na3 h4 10. g4 h3 11. gxf5 hxg2 12. Rg1 exf5 13. Rxg2 g6 14. Nc2 b5
15. Be3 Be6 16. Qd2 b4 17. cxb4 Nxb4 18. Bxc5 Nxc2+ 19. Qxc2 Qa5+ 20. b4 Bxc5
21. bxa5 1-0

[Event "Monroe (RVO/4/7)"]
[Site "?"]
[Date "1986.??.??"]
[Round "?"]
[White "Kulbacki, James"]
[Black "Jarosz, Stan"]
[Result "0-1"]
[WhiteElo "2100"]
[BlackElo "2015"]
[PlyCount "84"]
[EventDate "1986.??.??"]

{4/(7)} 1. Nf3 d5 2. b3 Bf5 3. Bb2 e6 4. e3 Nf6 5. Be2 Bd6 6. c4 Nbd7 7. Nc3 c6
8. d3 h6 9. Rc1 Qe7 10. O-O O-O 11. Qd2 dxc4 12. bxc4 e5 13. Rfd1 Rad8 14. e4
Be6 15. Nb1 Rfe8 16. Qc2 Bg4 17. Nbd2 Nf8 18. c5 Bc7 19. Nf1 Bxf3 20. Bxf3 Ne6
21. Ne3 g6 22. g3 Nd4 23. Bxd4 Rxd4 24. Qb3 Bb8 25. Kg2 Red8 26. Nc2 R4d7 27.
Qb4 Rxd3 28. Rxd3 Rxd3 29. Rb1 Rd7 30. Ne3 a6 31. Nc4 Ba7 32. Nb6 Bxb6 33. Qxb6
Qe6 34. a4 Qa2 35. a5 Rd2 36. Rf1 Qb2 37. Qc7 Nd7 38. Qc8+ Kg7 39. Bg4 Nxc5 40.
Qc7 Nxe4 41. Be6 Rxf2+ 42. Rxf2 Qxf2+ 0-1

[Event "Taylor (SEMO/5/7)"]
[Site "?"]
[Date "1986.??.??"]
[Round "?"]
[White "Kulbacki, James"]
[Black "Bolda, Dan H"]
[Result "1/2-1/2"]
[WhiteElo "2090"]
[BlackElo "1845"]
[PlyCount "49"]
[EventDate "1986.??.??"]

{5/(7)} 1. d4 Nf6 2. c4 d6 3. Nc3 g6 4. e4 Bg7 5. Be2 O-O 6. Nf3 Re8 7. O-O
Nbd7 8. e5 dxe5 9. dxe5 Ng4 10. e6 Nde5 11. Nxe5 Nxe5 12. f4 Nc6 13. Qxd8 Nxd8
14. exf7+ Nxf7 15. Nb5 Rd8 16. Be3 Bf5 17. Nxc7 Rac8 18. Nd5 Kf8 19. Bxa7 Bxb2
20. Rad1 e6 21. Nb6 Rc7 22. Rxd8+ Nxd8 23. Na4 Bf6 24. Be3 Nc6 25. Rc1 1/2-1/2

[Event "Monroe (MI Op/2/15)"]
[Site "?"]
[Date "1986.??.??"]
[Round "?"]
[White "Kulbacki, James"]
[Black "Balkany, A.."]
[Result "1-0"]
[WhiteElo "2100"]
[BlackElo "1830"]
[PlyCount "27"]
[EventDate "1986.??.??"]

{2/(15)} 1. Nf3 f5 2. e4 fxe4 3. Ng5 Nf6 4. d3 exd3 5. Bxd3 e5 6. Nxh7 Qe7 7.
Bg6+ Kd8 8. Ng5 Rh4 9. Nc3 Rd4 10. Qe2 d6 11. Nf7+ Kd7 12. Bf5+ Ke8 13. Bxc8
Re4 14. Nxe4 1-0

[Event "Warren (MCO/5/11)"]
[Site "?"]
[Date "1986.??.??"]
[Round "?"]
[White "Kulbacki, James"]
[Black "Accad, W.."]
[Result "1/2-1/2"]
[WhiteElo "2120"]
[BlackElo "1915"]
[PlyCount "92"]
[EventDate "1986.??.??"]

{5/(11)} 1. d4 Nf6 2. c4 c5 3. d5 g6 4. Nc3 d6 5. e4 Bg7 6. Be2 O-O 7. Nf3 Bg4
8. Nd2 Bxe2 9. Qxe2 e5 10. O-O Nbd7 11. f3 a6 12. Re1 Rb8 13. a4 Nh5 14. g3 Bh6
15. Nf1 Bxc1 16. Raxc1 Ng7 17. f4 f5 18. Qe3 Qf6 19. Rc2 Rbe8 20. Rf2 exf4 21.
gxf4 Qd4 22. b3 Nf6 23. Rfe2 Ngh5 24. Kh1 fxe4 25. Qxd4 cxd4 26. Nxe4 Nxe4 27.
Rxe4 Rxe4 28. Rxe4 Rxf4 29. Nd2 Kf7 30. Kg2 d3 31. Re6 Rf6 32. Rxf6+ Kxf6 33.
Kf3 Ke5 34. Ke3 Nf4 35. Nf3+ Kf5 36. a5 g5 37. Nd4+ Kg4 38. Ne6 Kf5 39. Nxf4 d2
40. Kxd2 Kxf4 41. Ke2 Ke5 42. Kf3 Kf5 43. Kf2 Ke5 44. Kf3 Kf5 45. Kf2 Ke5 46.
Kf3 Kf5 1/2-1/2